000 00620cam a22002411 4500
001 sa 65009618
003 DLC
005 20260227112203.0
008 890908s1965 ii c b 000 0 hino
010 _asa 65009618
035 _a(OCoLC)20316942
040 _aDLC
_cWaU
_dDLC
042 _apremarc
043 _aa-ii---
050 0 0 _aPK2042
_b.R6
100 0 _aGopāla,
_d1932-
245 1 0 _aHindī kathā sāhitya.
260 _c[1965]
300 _a2, 6, iv, 462 p.
_bports.
_c25 cm.
500 _aIn Hindi.
504 _aBibliography: p. [449]-462.
650 0 _aShort stories, Hindi
_xHistory and criticism.
999 _c66307
_d66307